| 000 | 00350cam a2200145ua 4500 | ||
|---|---|---|---|
| 041 |
_ahin _h |
||
| 082 |
_a891.54 _bRAN/MA |
||
| 100 | _aRannvir, . | ||
| 245 |
_aMahamanthrari chanakya / _cRannavir. _hTextual Documents |
||
| 260 |
_aDelhi : _bRajkamal Prakashan , _c1962. |
||
| 300 | _a178 ; . | ||
| 504 | _a | ||
| 942 | _cBK | ||
| 999 |
_c12313 _d12313 |
||